000 00321nam a2200109Ia 4500
008 200302s9999 xx 000 0 und d
100 _aJoseph De Chiara & Others
245 _aStandards for interior Design and Space Planning 2nd ed.,
260 _bMcgraw- hill International Book co.,
260 _c2001
300 _a1689 P.,
999 _c5063
_d5063